| 000 | 02306cam a22006614i 4500 | ||
|---|---|---|---|
| 003 | PE-LiUPU | ||
| 005 | 20250731170459.0 | ||
| 008 | 150616s r 000 0 d | ||
| 020 | _a0446670952 | ||
| 035 | _a(Sirsi) i9780446670951 | ||
| 040 |
_aPE-LiUPU _bspa _cPE-LiUPU _erda |
||
| 049 | _aPRUA | ||
| 082 | 0 | 4 |
_a170.7 _bS56 _221 |
| 100 | 1 |
_aSidney B., Simon, _eautor. |
|
| 245 | 1 | 0 |
_aValues clarification : _ba handbook of practical strategies for teachers and students / _c[por] Sidney B. Simon, Leland W. Howe [y] Howard Kirschenbaum. |
| 264 | 1 |
_aNew York, NY : _bWarner Books, Inc.,, _c1995. |
|
| 300 |
_a314 páginas ; _c20 centímetros |
||
| 336 |
_atext _2rdacontent |
||
| 337 |
_aunmediated _2rdamedia |
||
| 338 |
_avolume _2rdacarrier |
||
| 500 | _aOtra ed.: 1972. | ||
| 505 | 0 | _aThe values\\\\clarification approach.- The values\\\\clarification strategies. | |
| 526 | _aSEG68 | ||
| 526 | _aSEG70 | ||
| 526 | _aSEG69 | ||
| 526 | _aSEG67 | ||
| 526 | _aSEG43 | ||
| 526 | _aP144 | ||
| 526 | _aP143 | ||
| 526 | _aP131 | ||
| 526 | _aP122 | ||
| 526 | _aP120 | ||
| 526 | _aP117 | ||
| 526 | _aP112 | ||
| 526 | _aP110 | ||
| 526 | _aP106 | ||
| 526 | _aP101 | ||
| 526 | _aP80 | ||
| 526 | _aP59 | ||
| 526 | _aP54 | ||
| 526 | _aP35 | ||
| 526 | _aP33 | ||
| 526 | _aP30 | ||
| 650 | 0 | 4 | _aClarificación de valores. |
| 650 | 0 | 4 |
_aJóvenes _xConducta de vida. |
| 700 | 1 |
_aHowe, Leland W., _eautor. |
|
| 700 | 1 |
_aKirscbenbaum, Howard, _eautor. |
|
| 910 |
_ajck _bjvq _cjck |
||
| 942 |
_2ddc _cBOOK |
||
| 949 |
_a170.7 S56 _wDEWEY _c1 _i41766 _lCCODEBUL1 _mBUL _r0 _sY _tBOOK _u2015-6-16 _xTEOLOGIA _zUNKNOWN _0COMPRA _o.STAFF. Colección General |
||
| 949 |
_a170.7 S56 _wDEWEY _c2 _i50768 _lCCODEBUL1 _mBUL _r0 _sY _tBOOK _u2015-6-16 _xTEOLOGIA _zUNKNOWN _0COMPRA _o.STAFF. Colección General |
||
| 994 |
_aC0 _bPEPRU |
||
| 596 | _a1 | ||
| 999 |
_a170.7 S56 _wDEWEY _c59430 _i41766 _f2021-11-4 _g5 _lCCODEBUL1 _mBUL _r0 _sY _tBOOK _u2015-6-16 _xBIBLIOTECA _zUNKNOWN _0COMPRA _o.STAFF. Colección General _d59430 |
||
| 999 |
_a170.7 S56 _wDEWEY _c2 _i50768 _f2019-12-9 _g4 _lDISCARD _mBUL _r1 _sY _tBOOK _u2015-6-16 _xTEOLOGIA _zUNKNOWN _0COMPRA _o.STAFF. Colección General |
||
| 980 |
_81 _gALBERTO SANCHEZ Responsable de Automatización |
||